000 02768nam a22003137a 4500
001 4467
003 FISKH
005 20251110155517.0
008 240911b cb ||||| |||| 00| 0 eng d
020 _a9789995099824
040 _aFISKH
_bBilingual
_cFISKH
_dFISKH
050 _aPZ7
082 _a900
100 _aSotheary, Kimsun
_eauthor
245 _aព្រះនាងទេពមច្ឆា /
_cby Kimsun Sotheary
260 _aភ្នំពេញ :
_bReading Book ;
_c២០០៩​ .
300 _a36 pages :
_bcolor illustrations ;
_c26 cm .
490 _aពិភពរឿងនិទាន
505 _aM
520 _aកាលពីព្រេងនាយ មានរាជេវាំងផ្កាង្មរបស់ស្តេចមច្ឆានៅបាតសមុទ្រ ។ ស្តេចមច្ឆានេះមានបុត្រីប្រាំពីរអង្គ ។​ព្រះនាងពៅមានអាយុ១៦ព្រះវស្សា ព្រះបិតាក៏រៀបចំពិធីខួបកំនើតអោយនាង តែនាងមិនបាននៅក្នុពិធីទេ នាងបានហែលទឹកលេងជាមួយមិត្តរបស់នាង ហើយក៏បានជួយសង្គ្រោះមនុស្សម្នាក់ដែលសន្លប់បាត់ស្មារតី ។​ ព្រះនាងក៏បានទូលដល់ព្រះបិតាធ្វើអោយទ្រង់ខ្ញាល់ជាខ្លាំង ។​ ដើម្បីបានជួបបុរសម្នក់នោះនាងចាញ់កលមេធ្មប់ស្ទើរតែបាត់បង់ជិវីត តែចុងក្រោយបុរសម្នាក់នោះបានមកជួយនាងទាន់ពេល ហើយក៏បានរៀបការជាមួយនាងក្នុងពេលនោះទៅ ។
520 _aIn ancient times, there was a king's flower palace at the bottom of the sea. The king had seven daughters. The youngest was 16 years old when her father gave her a birthday party, but she was not there. She swam with her friend and rescued a man. Unconscious​ . The princess also told her father to make him very angry. To meet the man, she lost the witch, almost lost her life, but finally the man came to help her in time and married her in Then go.
521 8 _a550
_bLexile estimate
521 8 _aM
_bRaz-Plus
650 _aបុត្រីពៅ
_vរឿងប្រឌិត
650 _aYoungest daughter
_vfiction
700 _aSan, Thai
_eillustrator
942 _2ddc
_cKHB
_n0
999 _c4467
_d4467